000
00242nam a22001097a 4500
999
_c
261060
_d
261059
020
_a
0590025554
100
_a
John Peterson
245
_a
The Littles to the Rescue
260
_a
New York
_b
Scholastic
_c
1968
300
_a
94 pgs
942
_c
BK